000 00319nam a2200121Ia 4500
008 220204s9999 xx 000 0 und d
082 _a681.31WOR
_bSTU;1
100 _aStultz, Dianne
245 0 _aIllustrated wordstar professional release 5
260 _aDelhi
_bJaico
_c1990
700 _aStultz, Russell
942 _cBK
999 _c40621
_d40621